El don de la terapia : (Registro nro. 21675)

Detalles MARC
000 -Cabecera
Campo de control interno 01299nam a2200289Ia 4500
005 - Fecha y hora del registro
control field 20260420103828.0
008 - Elementos de Longitud Fija
fixed length control field 260320s9999||||xx |||||||||||||| ||und||
020 ## - ISBN
ISBN 9788423354252
041 ## - Idioma
Codigo Idioma ESP
082 ## - DEWEY y NOTACIÓN INTERNA
Dewey 616.891
Notación Interna Y19
100 ## - AUTOR
Autor denominación Yalom, Irvin D.,
Término de relación autor
245 #0 - TÍTULO DE MATERIAL BIBLIOGRÁFICO
Título El don de la terapia :
Título paralelo carta abierta a una nueva generación de terapeutas y a sus pacientes
246 ## - TÍTULO TRADUCIDO
Título The gift of therapy :
Título paralelo an open letter to a new generation of therapists and their patients
250 ## - EDICIÓN
Edición Primera edición, cuarta reimpresión
260 ## - CIUDAD, EDITORIAL, AÑO
Ciudad Barcelona :
Nombre de la Editorial Ediciones Destino,
Año 2024
300 ## - DESCRIPCIÓN
N° Páginas 301 páginas :
Dimensiones 23 cm.
440 ## - MENCIÓN DE SERIE
Título de la Serie (Colección Imago mundi
Volumen de Serie ; volumen 290)
505 ## - TABLA DE CONTENIDO
Tabla de Contenido En la portada: 4a. edición
650 ## - TEMAS
Temas Tecnología (Ciencias Aplicadas)
653 ## - DESCRIPTORES
Lenguajes no controlado Psicoterapia
654 ## - PROGRAMAS
Programa Dpto. de Ciencias de la Salud
856 ## - URL - UBICACIÓN
URI/URL: Enlace exacto del recurso <a href="https://0u20vx6qe-y-https-ebookcentral-proquest-com.itmsp.museknowledge.com/lib/catolicasp/home.action">https://0u20vx6qe-y-https-ebookcentral-proquest-com.itmsp.museknowledge.com/lib/catolicasp/home.action</a>
Nota pública: Versión digital <a href="Véase además: Base de datos ProQuest Ebook Central">Véase además: Base de datos ProQuest Ebook Central</a>
856 ## - URL - UBICACIÓN
URI/URL: Enlace exacto del recurso <a href="https://0u20fx6qy-y-https-research-ebsco-com.itmsp.museknowledge.com/c/qxo6us/search">https://0u20fx6qy-y-https-research-ebsco-com.itmsp.museknowledge.com/c/qxo6us/search</a>
Nota pública: Versión digital <a href="Véase además: Base de datos EBSCOhost">Véase además: Base de datos EBSCOhost</a>
856 ## - URL - UBICACIÓN
URI/URL: Enlace exacto del recurso <a href="https://0u23fx6r2-y-https-www-clinicalkey-com.itmsp.museknowledge.com/student/login">https://0u23fx6r2-y-https-www-clinicalkey-com.itmsp.museknowledge.com/student/login</a>
Nota pública: Versión digital <a href="Véase además: Base de datos ClinicalKey">Véase además: Base de datos ClinicalKey</a>
942 ## - ELEMENTOS DE KOHA
Tipo de documento Libro
Nombre del creador Justo Noguera
Código de catalogador Margarita Torres
Esquema de clasificación Dewey Decimal Classification
Existencias
Codigo completo Registro Colección Copia número Disponibilidad Tipo de préstamo Biblioteca Actual Procedencia (Biblioteca) Ubicacón Fecha Ingreso Tipo de Adquisición Date last seen Total checkouts Price effective from Tipo de Item Estado del Material Fuente de Clasificación Damaged status Withdrawn status
616.891 Y19 1085221 Universidad Católica San Pablo 1 Disponible Disponible Víctor Andrés Belaunde Víctor Andrés Belaunde Planta baja abierta 30/03/2026 Compra 30/03/2026   30/03/2026 Libro Bueno Dewey Decimal Classification    
616.891 Y19 1085222 Universidad Católica San Pablo 2 Disponible Disponible Víctor Andrés Belaunde Víctor Andrés Belaunde Planta baja abierta 30/03/2026 Compra 30/03/2026   30/03/2026 Libro Bueno Dewey Decimal Classification